000 00654nam a2200265Ia 4500
005 20260121172023.0
008 008 260114s9999 xx 000 0 eng d
020 _a9783030579838
037 _aEBOOK
040 _aCRL
040 _beng
040 _cCRL
041 _2eng
041 _aeng
084 _qCRL
100 _aJur?is Š?ilters, Nora S. Newcombe, David Uttal
_91083311
245 0 _aSpatial Cognition XII
260 _bSpringer
260 _bSpringer
260 _c2020
856 _uhttps://link.springer.com/openurl?genre=book&isbn=978-3-030-57983-8
942 _cEBOOK
999 _c1649045
_d1649045